Bratislava zanedbáva vlastné prednosti
Vzájomné porovnanie metropolitných regiónov v strednej Európe - bratislavského, budapeštianskeho, ľubľanského, pražského a viedenského. Silné a slabé stránky Bratislavy. Bratislava ako mesto s vysokou atraktivitou na podnikanie a vysokou konkurencieschopnosťou. Dopravná obsluha - slabý bod mesta. Ch...
Uložené v:
| Hlavný autor: | |
|---|---|
| Médium: | Kapitola |
| Jazyk: | Slovak |
| Predmet: | |
| Tagy: |
Žiadne tagy, Buďte prvý, kto otaguje tento záznam!
|
MARC
| LEADER | 00000naa a2200000 4500 | ||
|---|---|---|---|
| 001 | 0165627 | ||
| 005 | 20231013090133.5 | ||
| 041 | 0 | |a slo | |
| 044 | |a SK | ||
| 245 | 1 | 0 | |a Bratislava zanedbáva vlastné prednosti |c Jaroslav Hinšt |
| 520 | |a Vzájomné porovnanie metropolitných regiónov v strednej Európe - bratislavského, budapeštianskeho, ľubľanského, pražského a viedenského. Silné a slabé stránky Bratislavy. Bratislava ako mesto s vysokou atraktivitou na podnikanie a vysokou konkurencieschopnosťou. Dopravná obsluha - slabý bod mesta. Chýbajúca infraštruktúra atraktívna pre kreatívcov. Úspešné projekty - Eurovea, Rozadol, Polus City Center. | ||
| 610 | 2 | 0 | |a mestá |
| 610 | 2 | 0 | |a výstavba investičná |
| 610 | 2 | 0 | |a investície zahraničné |
| 610 | 2 | 0 | |a projekty |
| 610 | 2 | 0 | |a kvalita života |
| 610 | 2 | 0 | |a prostredie životné |
| 610 | 2 | 0 | |a zdroje ľudské |
| 610 | 2 | 0 | |a porovnanie medzinárodné |
| 100 | 1 | |a Hinšt, Jaroslav | |